[Event "Stay Safe Play From Home 196"]
[Site "T#646541Emanuel Laske"]
[Date "2020.06.03"]
[Round "5"]
[White "Mepe_Nika"]
[Black "Little champs"]
[Result "0-1"]
[WhiteElo "2363"]
[BlackElo "2180"]
[Annotator "TA"]
[PlyCount "80"]
[EventDate "2020.06.03"]
[EventType "swiss (blitz)"]

{[%evp 9,80,33,52,63,63,61,76,21,96,59,46,28,36,39,47,68,95,65,122,102,441,366,520,502,508,380,360,214,288,226,208,219,447,-40,227,244,239,-245,0,-1185,-1147,-1168,-9,-25,0,0,0,-246,-8,-712,-716,-921,-872,-781,-769,-951,-896,-1377,-1329,-1202,-1175,-1275,-1235,-1591,-627,-1591,-1484,-1396,-1076,-29990,-29991,-29991,-29992]} 1. d4 d5 2. Bf4 c6 3. e3 Nf6 4. c4 g6 5. Nc3 dxc4 6. Bxc4 {D10: Slav Defence: 3 cxd5 (without early Nf3) and 3 Nc3.} Bg7 7. Nf3 O-O {[#]} 8. Ne5 $146 (8. O-O $16) ({Predecessor:} 8. O-O Nbd7 9. Qe2 Nb6 10. Bb3 a5 11. e4 a4 12. Bc2 Be6 13. Rfd1 Nh5 14. Be3 {½-½ (71) Najer,E (2634)-Yu,L (2372) China 2013}) 8... b5 (8... Nd5 $11) 9. Bb3 a5 10. a4 b4 11. Ne2 $36 {[%mdl 2048] White fights for an advantage.} Nd5 12. Bg3 Be6 13. h4 c5 ({Black should try} 13... Bxe5 $1 $14 14. dxe5 Na6) 14. h5 $16 cxd4 $2 {[%mdl 8192]} (14... Nd7 $16) 15. Nxd4 Bc8 (15... Bxe5 $142 16. Bxe5 Nd7) 16. hxg6 $18 hxg6 17. Qf3 e6 18. O-O-O (18. Rc1 $142) 18... Qf6 19. Qe4 ({Don't do} 19. Bxd5 $6 exd5 20. Qxd5 Ra7 $16) 19... Bb7 {[#]} 20. Ng4 $1 {[%cal Rg4f6]} Qg5 $2 (20... Rc8+ {keeps fighting.} 21. Kd2 Qe7) 21. Be5 $2 (21. Nxe6 $18 Qe7 {[%mdl 64] Pin} 22. Rxd5 Rc8+ 23. Kd2) 21... Nc6 $2 {[%mdl 8192]} (21... Nd7 $1 $15 {stays ahead.} 22. Bxg7 Kxg7 23. Qxe6 Nc5 24. Qe5+ Qxe5 25. Nxe5 Nxb3+ 26. Nxb3 Nb6) 22. Bxg7 Kxg7 23. Qf3 $4 {[%mdl 8192]} (23. Nxc6 $18 {[%cal Rb3d5] was the only winning move.} Bxc6 24. Qd4+ f6 25. f3) 23... Rh8 $2 (23... Nxd4 $19 24. Rxd4 Nc3 25. Qxb7 (25. Qh3 $2 Rh8 $19) 25... Ne2+ {[%mdl 64] Double Attack} 26. Kb1 Nxd4 27. exd4 Qxg4) 24. Kb1 $2 {[%mdl 8192]} (24. Qe4 $11) 24... Nxd4 $19 25. exd4 {[#]} Qf5+ $2 (25... Nc3+ $1 $19 {[%mdl 512]} 26. bxc3 Bxf3 27. gxf3 Rxh1 28. Rxh1 Qf5+ 29. Ka2 Qxf3 {[%mdl 64] Double Attack}) 26. Qxf5 $11 exf5 27. Ne5 Nf4 28. Nd7 $2 (28. Rxh8 $11 {and White stays safe.} Rxh8 29. d5) 28... Rad8 $2 ({Resist} 28... Bxg2 29. Rxh8 Rxh8 30. Nc5) (28... Rxh1 $19 29. Rxh1 Be4+ 30. Ka2 Rd8) 29. Rhg1 $2 {[%mdl 8192]} (29. Rxh8 $11 Rxh8 30. d5) 29... Rxd7 $19 30. g3 Ne2 31. Rge1 Nxd4 32. Bc4 Be4+ 33. Ka1 Rhd8 34. Ka2 Nc2 35. Rxd7 Rxd7 36. Re2 Rd4 37. b3 Na3 38. f3 Nxc4 39. Rb2 Nxb2 40. Kxb2 Bxf3 {Accuracy: White = 39%, Black = 33%.} 0-1

[Event "Stay Safe Play From Home 196"]
[Site "T#646541Emanuel Laske"]
[Date "2020.06.03"]
[Round "5"]
[White "SoulofWolf"]
[Black "NeatFox"]
[Result "1-0"]
[WhiteElo "2210"]
[BlackElo "1765"]
[Annotator "TA"]
[PlyCount "89"]
[EventDate "2020.06.03"]
[EventType "swiss (blitz)"]

{[%evp 10,89,7,0,45,35,64,54,67,66,75,72,101,47,49,33,56,62,81,76,101,59,45,42,122,0,23,-49,-22,-19,-18,-18,-9,-48,-50,-106,-34,-46,-8,-36,-12,-29,-12,-21,-6,-24,6,-22,-11,-25,-14,-119,15,-160,-13,-93,346,337,337,284,317,210,316,163,380,350,343,-15,440,-37,910,912,892,660,1319,594,5934,5927,29984,29980,29980,29981]} 1. d4 Nf6 2. Nf3 d5 3. Bg5 e6 4. Nbd2 c5 5. e3 Nbd7 6. c3 Qa5 {D03: 1 d4 d5 2 Nf3 Nf6 3 Bg5, including Torre Attack with early ...d5.} 7. Bd3 {[#]} cxd4 $146 ({Predecessor:} 7... a6 8. a4 c4 9. Bc2 Bd6 10. O-O Qc7 11. Re1 h6 12. Bh4 g5 13. Bg3 Bxg3 14. fxg3 {1-0 (26) Dubrovin,Y (2067)-Beljdy,A (1922) Novosibirsk 2010}) 8. exd4 Be7 {White is slightly better.} 9. O-O Qc7 10. Re1 Bd6 11. g3 (11. c4 $16) 11... O-O 12. Rc1 b6 13. c4 dxc4 14. Nxc4 Qb8 15. Nxd6 Qxd6 16. Bf4 Qe7 ({Black should try} 16... Qd5 $14) 17. h3 (17. Bc4 $16) 17... Bb7 18. g4 (18. Rc7 $11 Rab8 19. Ne5) 18... Rac8 19. Qe2 Rxc1 20. Rxc1 Rc8 21. Rd1 Nd5 22. Bd2 (22. Bg3 $15) 22... N7f6 (22... Nf8 $17) 23. Bb1 g6 24. Qe5 Qc7 25. Qxc7 Rxc7 (25... Nxc7 {keeps more tension.} 26. Ne5 Nb5 27. g5 Nd5 28. Be3 Kf8) 26. Ne5 Ne7 27. Kf1 Nc6 28. Nf3 Nd5 29. Ke2 Ncb4 {And now ...Rc2! would win.} 30. a3 (30. Bh6 $11) 30... Nc2 (30... Ba6+ $17 31. Ke1 Nc2+ 32. Bxc2 Rxc2) 31. Bg5 $2 {[#]} (31. Rc1 $1 $11 Na1 32. Rxc7 Nxc7 33. Be3) 31... Rc4 (31... Nxa3 $1 $17 {[%mdl 512]} 32. Bd3 (32. bxa3 Nc3+) 32... Nc4) 32. Rc1 {[#]} (32. Ba2 $11 {keeps the balance.} Ra4 33. Rd2 Ba6+ 34. Kd1) 32... Rxd4 $2 {[%mdl 8192]} (32... Ba6 $1 $17 {[%csl Gc2][%cal Rc4d4] stays on course.} 33. Kd1 Nxd4) 33. Bxc2 $18 Rc4 34. b3 Rc7 35. Kd2 Kg7 (35... f6 {might work better.}) 36. Bd3 (36. Be4 $142 {Hoping for Rxc7.} Rxc1 37. Kxc1) 36... h6 $2 (36... f6 {was worth a try.}) 37. Rxc7 Nxc7 38. Be3 $2 ({White should play} 38. Bf4 $18) 38... e5 $2 {[%mdl 8192]} (38... Bxf3 $11 {and Black is okay.} 39. Bf4 Nd5 40. Be5+ f6) 39. Be4 $2 ({Better is} 39. Nxe5 $18 {Strongly threatening f4.} Ne6 40. f4) 39... f6 $2 {[%mdl 8192]} (39... Bxe4 $15 40. Nxe5 g5) 40. Bxb7 Ne6 41. Nxe5 Nc5 42. Nd7 f5 43. Nxc5 bxc5 44. Bxc5 fxg4 45. hxg4 {Accuracy: White = 37%, Black = 27%.} 1-0

[Event "Stay Safe Play From Home 196"]
[Site "T#646541Emanuel Laske"]
[Date "2020.06.03"]
[Round "5"]
[White "Fischer_11"]
[Black "EL sanbary"]
[Result "1-0"]
[WhiteElo "2068"]
[BlackElo "1920"]
[Annotator "NA RC"]
[PlyCount "79"]
[EventDate "2020.06.03"]
[EventType "swiss (blitz)"]

1. e4 {[%emt 0:00:01]} c5 {[%emt 0:00:02]} 2. c3 {[%emt 0:00:00]} g6 {[%emt 0:00:01]} 3. d4 {[%emt 0:00:01]} cxd4 {[%emt 0:00:00]} 4. cxd4 {[%emt 0:00:00]} d5 {[%emt 0:00:01]} 5. e5 {[%emt 0:00:00]} Bg7 {[%emt 0:00:01]} 6. Bd3 {[%emt 0:00:01]} Nc6 {[%emt 0:00:01]} 7. Be3 {[%emt 0:00:03]} Nh6 {[%emt 0:00:01]} 8. h3 {[%emt 0:00:01]} O-O {[%emt 0:00:01]} 9. Nf3 {[%emt 0:00:01]} f6 {[%emt 0:00:01]} 10. exf6 {[%emt 0:00:02]} exf6 {[%emt 0:00:00]} 11. Qd2 {[%emt 0:00:02]} Nf5 {[%emt 0:00:01]} 12. g4 {[%emt 0:00:03]} Nxe3 {[%emt 0:00:02]} 13. fxe3 {[%emt 0:00:00]} Re8 {[%emt 0:00:01]} 14. O-O {[%emt 0:00:02]} Qe7 {[%emt 0:00:02]} 15. Re1 {[%emt 0:00:06]} Qd6 {[%emt 0:00:03]} 16. Nc3 {[%emt 0:00:00]} Qg3+ {[%emt 0:00:02]} 17. Qg2 {[%emt 0:00:00]} Qd6 {[%emt 0:00:02]} 18. a3 {[%emt 0:00:02]} Bd7 {[%emt 0:00:01]} 19. b4 {[%emt 0:00:01]} Re7 {[%emt 0:00:01]} 20. Rac1 {[%emt 0:00:01]} Rae8 {[%emt 0:00:02]} 21. e4 {[%emt 0:00:03]} dxe4 {[%emt 0:00:01]} 22. Nxe4 {[%emt 0:00:01]} Rxe4 {[%emt 0:00:07]} 23. Rxe4 {[%emt 0:00:02]} Rxe4 {[%emt 0:00:03]} 24. Bxe4 {[%emt 0:00:00]} Nxd4 {[%emt 0:00:01]} 25. Rd1 {[%emt 0:00:04]} Nxf3+ {[%emt 0:00:05]} 26. Qxf3 {[%emt 0:00:00]} Qe7 {[%emt 0:00:02]} 27. Qd3 {[%emt 0:00:01]} Be6 {[%emt 0:00:02]} 28. Qd8+ {[%emt 0:00:02]} Kf7 {[%emt 0:00:01]} 29. Qxe7+ {[%emt 0:00:01]} Kxe7 {[%emt 0:00:00]} 30. Bxb7 {[%emt 0:00:01]} f5 {[%emt 0:00:01]} 31. Bd5 {[%emt 0:00:00]} Bd7 {[%emt 0:00:02]} 32. gxf5 {[%emt 0:00:01]} Bxf5 {[%emt 0:00:01]} 33. a4 {[%emt 0:00:01]} Be5 {[%emt 0:00:03]} 34. Re1 {[%emt 0:00:02]} Kd6 {[%emt 0:00:01]} 35. Bc4 {[%emt 0:00:01]} Bd4+ {[%emt 0:00:01]} 36. Kf1 {[%emt 0:00:01]} Bxh3+ {[%emt 0:00:01]} 37. Ke2 {[%emt 0:00:01]} Bf5 {[%emt 0:00:00]} 38. Rd1 {[%emt 0:00:01]} Ke5 {[%emt 0:00:02]} 39. Rxd4 {[%emt 0:00:00]} Kxd4 {[%emt 0:00:00]} 40. Bg8 {[%emt 0:00:00] Time (Lag: Av=0.36s, max=0.8s)} 1-0

[Event "Stay Safe Play From Home 196"]
[Site "T#646541Emanuel Laske"]
[Date "2020.06.03"]
[Round "5"]
[White "GIULIO19031975"]
[Black "Grizzzly"]
[Result "0-1"]
[WhiteElo "1806"]
[BlackElo "1700"]
[Annotator "NA RC"]
[PlyCount "96"]
[EventDate "2020.06.03"]
[EventType "swiss (blitz)"]

1. e4 {[%emt 0:00:01]} e6 {[%emt 0:00:01]} 2. Nf3 {[%emt 0:00:01]} d5 {[%emt 0:00:01]} 3. exd5 {[%emt 0:00:01]} exd5 {[%emt 0:00:00]} 4. d4 {[%emt 0:00:01]} c6 {[%emt 0:00:00]} 5. Be2 {[%emt 0:00:00]} Nf6 {[%emt 0:00:00]} 6. O-O {[%emt 0:00:01]} Bg4 {[%emt 0:00:01]} 7. h3 {[%emt 0:00:00]} Bh5 {[%emt 0:00:01]} 8. c3 {[%emt 0:00:00]} Be7 {[%emt 0:00:01]} 9. Qb3 {[%emt 0:00:01]} Qb6 {[%emt 0:00:01]} 10. Nbd2 {[%emt 0:00:02]} O-O {[%emt 0:00:02]} 11. Qc2 {[%emt 0:00:01]} Nbd7 {[%emt 0:00:01]} 12. Bd3 {[%emt 0:00:01]} Bg6 {[%emt 0:00:01]} 13. Bxg6 {[%emt 0:00:01]} hxg6 {[%emt 0:00:00]} 14. a4 {[%emt 0:00:01]} Rfe8 {[%emt 0:00:02]} 15. b4 {[%emt 0:00:01]} a5 {[%emt 0:00:02]} 16. b5 {[%emt 0:00:01]} cxb5 {[%emt 0:00:02]} 17. axb5 {[%emt 0:00:01]} Qxb5 {[%emt 0:00:01]} 18. Rb1 {[%emt 0:00:01]} Qc6 {[%emt 0:00:01]} 19. Nb3 {[%emt 0:00:03]} b5 {[%emt 0:00:03]} 20. Be3 {[%emt 0:00:01]} b4 {[%emt 0:00:01]} 21. c4 {[%emt 0:00:04]} Qxc4 {[%emt 0:00:02]} 22. Qxc4 {[%emt 0:00:01]} dxc4 {[%emt 0:00:00]} 23. Nc5 {[%emt 0:00:01]} Nxc5 {[%emt 0:00:01]} 24. dxc5 {[%emt 0:00:01]} c3 {[%emt 0:00:01]} 25. c6 {[%emt 0:00:02]} Rac8 {[%emt 0:00:02]} 26. Nd4 {[%emt 0:00:02]} Bc5 {[%emt 0:00:02]} 27. Nb3 {[%emt 0:00:04]} Bxe3 {[%emt 0:00:01]} 28. fxe3 {[%emt 0:00:01]} a4 {[%emt 0:00:00]} 29. Nd4 {[%emt 0:00:01]} b3 {[%emt 0:00:01]} 30. Nxb3 {[%emt 0:00:01]} axb3 {[%emt 0:00:01]} 31. Rxb3 {[%emt 0:00:01]} Rxc6 {[%emt 0:00:01]} 32. Rc1 {[%emt 0:00:01]} Ne4 {[%emt 0:00:01]} 33. g4 {[%emt 0:00:03]} Rec8 {[%emt 0:00:02]} 34. Kg2 {[%emt 0:00:01]} c2 {[%emt 0:00:01]} 35. Kf3 {[%emt 0:00:01]} Nd2+ {[%emt 0:00:02]} 36. Kf4 {[%emt 0:00:04]} Nxb3 {[%emt 0:00:01]} 37. Rxc2 {[%emt 0:00:01]} Rxc2 {[%emt 0:00:01]} 38. e4 {[%emt 0:00:00]} Rh2 {[%emt 0:00:01]} 39. Ke5 {[%emt 0:00:00]} Rxh3 {[%emt 0:00:01]} 40. g5 {[%emt 0:00:00]} Rg3 {[%emt 0:00:01]} 41. Kf4 {[%emt 0:00:00]} Rg1 {[%emt 0:00:01]} 42. e5 {[%emt 0:00:01]} Nd4 {[%emt 0:00:01]} 43. Ke4 {[%emt 0:00:00]} Rxg5 {[%emt 0:00:02]} 44. Kxd4 {[%emt 0:00:01]} Re8 {[%emt 0:00:01]} 45. e6 {[%emt 0:00:01]} Rxe6 {[%emt 0:00:01]} 46. Kd3 {[%emt 0:00:01]} Re8 {[%emt 0:00:01]} 47. Kd4 {[%emt 0:00:01]} Rg1 {[%emt 0:00:01]} 48. Kd3 {[%emt 0:00:00]} Rd1+ {[%emt 0:00:01] GIULIO19031975 abbandona (Lag: Av=0.30s, max=0.5s)} 0-1

[Event "Stay Safe Play From Home 196"]
[Site "T#646541Emanuel Laske"]
[Date "2020.06.03"]
[Round "5"]
[White "Trotsky"]
[Black "Matanant"]
[Result "1-0"]
[WhiteElo "1549"]
[BlackElo "1701"]
[Annotator "NA RC"]
[PlyCount "25"]
[EventDate "2020.06.03"]
[EventType "swiss (blitz)"]

1. d4 {[%emt 0:00:01]} d6 {[%emt 0:00:52]} 2. e3 {[%emt 0:00:03]} g6 {[%emt 0:00:00]} 3. c4 {[%emt 0:00:01]} Nf6 {[%emt 0:00:00]} 4. Nc3 {[%emt 0:00:02]} Bg7 {[%emt 0:00:00] Trotsky Ïðåäëàãàåò íèü} 5. Bd3 {[%emt 0:00:07]} O-O {[%emt 0:00:00]} 6. Qc2 {[%emt 0:00:01]} c6 {[%emt 0:00:03]} 7. Nf3 {[%emt 0:00:01]} Nbd7 {[%emt 0:00:01]} 8. Ng5 {[%emt 0:00:01]} b6 {[%emt 0:00:01]} 9. h4 {[%emt 0:00:00]} Bb7 {[%emt 0:00:00]} 10. h5 {[%emt 0:00:01]} Rc8 {[%emt 0:00:00]} 11. hxg6 {[%emt 0:00:01]} fxg6 {[%emt 0:00:01]} 12. Bxg6 {[%emt 0:00:01]} hxg6 {[%emt 0:00:01]} 13. Qxg6 {[%emt 0:00:01] Time (Lag: Av=0.61s, max=2.9s)} 1-0

[Event "Stay Safe Play From Home 196"]
[Site "T#646541Emanuel Laske"]
[Date "2020.06.03"]
[Round "5"]
[White "Bigwig911"]
[Black "buzaglo"]
[Result "0-1"]
[WhiteElo "1458"]
[BlackElo "1915"]
[Annotator "NA RC"]
[PlyCount "68"]
[EventDate "2020.06.03"]
[EventType "swiss (blitz)"]

1. d4 {[%emt 0:00:01]} e6 {[%emt 0:00:00]} 2. Nf3 {[%emt 0:00:01]} d5 {[%emt 0:00:00]} 3. Bg5 {[%emt 0:00:01]} Nf6 {[%emt 0:00:00]} 4. Bxf6 {[%emt 0:00:02]} Be7 {[%emt 0:00:00]} 5. Be5 {[%emt 0:00:02]} f6 {[%emt 0:00:01]} 6. Bg3 {[%emt 0:00:01]} Nc6 {[%emt 0:00:01]} 7. c4 {[%emt 0:00:01]} e5 {[%emt 0:00:01]} 8. Nc3 {[%emt 0:00:01]} exd4 {[%emt 0:00:02]} 9. Nxd4 {[%emt 0:00:01]} dxc4 {[%emt 0:00:00]} 10. Nxc6 {[%emt 0:00:01]} Qxd1+ {[%emt 0:00:01]} 11. Rxd1 {[%emt 0:00:02]} bxc6 {[%emt 0:00:00]} 12. Bxc7 {[%emt 0:00:02]} Bb7 {[%emt 0:00:01]} 13. e3 {[%emt 0:00:02]} c5 {[%emt 0:00:01]} 14. Nd5 {[%emt 0:00:05]} Bd8 {[%emt 0:00:03]} 15. Bd6 {[%emt 0:00:03]} Kf7 {[%emt 0:00:03]} 16. Bxc5 {[%emt 0:00:01]} a5 {[%emt 0:00:04]} 17. Bxc4 {[%emt 0:00:01]} Kg6 {[%emt 0:00:01]} 18. Bd3+ {[%emt 0:00:02]} f5 {[%emt 0:00:01]} 19. Nf4+ {[%emt 0:00:01]} Kh6 {[%emt 0:00:01]} 20. O-O {[%emt 0:00:07]} g5 {[%emt 0:00:01]} 21. Ne6 {[%emt 0:00:01]} Bf6 {[%emt 0:00:01]} 22. Bxf5 {[%emt 0:00:04]} Rae8 {[%emt 0:00:04]} 23. b4 {[%emt 0:00:02]} axb4 {[%emt 0:00:01]} 24. Bxb4 {[%emt 0:00:01]} Bc8 {[%emt 0:00:03]} 25. Rd6 {[%emt 0:00:07]} Rhg8 {[%emt 0:00:03]} 26. Rfd1 {[%emt 0:00:01]} Bxe6 {[%emt 0:00:01]} 27. Rxe6 {[%emt 0:00:01]} Kg7 {[%emt 0:00:01]} 28. Rxe8 {[%emt 0:00:01]} Rxe8 {[%emt 0:00:00]} 29. Rd7+ {[%emt 0:00:01]} Kh6 {[%emt 0:00:01]} 30. Rd6 {[%emt 0:00:01]} Kg7 {[%emt 0:00:01]} 31. Rxf6 {[%emt 0:00:01]} Kxf6 {[%emt 0:00:01]} 32. Bc3+ {[%emt 0:00:01]} Ke7 {[%emt 0:00:01]} 33. h4 {[%emt 0:00:01]} Kd6 {[%emt 0:00:00]} 34. Kh2 {[%emt 0:00:01]} g4 {[%emt 0:00:01] Time (Lag: Av=0.48s, max=0.9s)} 0-1

[Event "Stay Safe Play From Home 196"]
[Site "T#646541Emanuel Laske"]
[Date "2020.06.03"]
[Round "5"]
[White "Mandy"]
[Black "Meini"]
[Result "0-1"]
[WhiteElo "1007"]
[BlackElo "1612"]
[Annotator "NA RC"]
[PlyCount "34"]
[EventDate "2020.06.03"]
[EventType "swiss (blitz)"]

1. d4 {[%emt 0:00:05]} d5 {[%emt 0:00:02]} 2. Bf4 {[%emt 0:00:00]} e6 {[%emt 0:00:01]} 3. e3 {[%emt 0:00:00]} Bd6 {[%emt 0:00:01]} 4. Bg3 {[%emt 0:00:04]} c6 {[%emt 0:00:02]} 5. Nf3 {[%emt 0:00:02]} Qc7 {[%emt 0:00:00]} 6. c3 {[%emt 0:00:02]} Nf6 {[%emt 0:00:01]} 7. Bd3 {[%emt 0:00:01]} O-O {[%emt 0:00:02]} 8. O-O {[%emt 0:00:01]} Nbd7 {[%emt 0:00:01]} 9. Nbd2 {[%emt 0:00:02]} e5 {[%emt 0:00:01]} 10. dxe5 {[%emt 0:00:03]} Nxe5 {[%emt 0:00:01]} 11. Nxe5 {[%emt 0:00:08]} Bxe5 {[%emt 0:00:01]} 12. Bxe5 {[%emt 0:00:01]} Qxe5 {[%emt 0:00:02]} 13. Qc1 {[%emt 0:00:09]} Re8 {[%emt 0:00:02]} 14. e4 {[%emt 0:00:02]} dxe4 {[%emt 0:00:02]} 15. f4 {[%emt 0:00:09]} Qc5+ {[%emt 0:00:04]} 16. Kh1 {[%emt 0:00:04]} exd3 {[%emt 0:00:01]} 17. Nb3 {[%emt 0:00:04]} Qb6 {[%emt 0:00:03] Zeit (Lag: Av=0.38s, max=2.1s)} 0-1

[Event "Stay Safe Play From Home 196"]
[Site "T#646541Emanuel Laske"]
[Date "2020.06.03"]
[Round "6"]
[White "SoulofWolf"]
[Black "Mepe_Nika"]
[Result "0-1"]
[WhiteElo "2212"]
[BlackElo "2338"]
[Annotator "TA"]
[PlyCount "66"]
[EventDate "2020.06.03"]
[EventType "swiss (blitz)"]

{[%evp 9,66,0,16,-29,0,-52,0,-37,12,-43,-29,-19,8,-26,41,47,53,37,41,39,54,0,73,-24,-21,-54,-11,-85,-15,-50,-27,-23,-3,-30,-31,-26,7,16,45,39,318,340,388,387,344,59,60,-66,-57,-470,-469,-563,-466,-454,-450,-29996,-29997,-29999,-29992]} 1. d4 c5 2. Nf3 cxd4 3. Nxd4 Nc6 4. c4 g6 5. Nc2 Bg7 {[#]} 6. e3 $146 {A30: Symmetrical English: Double Fianchetto and Hedgehog.} ({Predecessor:} 6. e4 Nf6 7. Nc3 d6 8. Be2 O-O 9. O-O b6 10. Bg5 Bb7 11. Qd2 Rc8 12. b3 a6 13. Rac1 Re8 14. Kh1 Ne5 15. f3 Ned7 16. Ne3 Qc7 17. Ncd5 Qb8 18. Rfe1 {1-0 (44) Bindrich,F (2610)-Piorun,K (2517) Wroclaw 2014}) 6... Nf6 7. Be2 (7. Nc3 $11) 7... O-O (7... d5 $15) 8. O-O {The position is equal.} d6 9. Bd2 ({White should try} 9. Nc3 $11) 9... Be6 10. Bc3 Qc8 11. b3 Ne4 (11... d5 $11) 12. Bxg7 $14 Kxg7 13. Qe1 a6 14. f3 Nf6 15. Qc3 (15. Nc3 $14) 15... b5 (15... Qc7 $11) 16. a3 (16. cxb5 $16 axb5 17. Bxb5) 16... bxc4 $11 17. Bxc4 Ne5 {[%cal Re6c4]} 18. Nd2 (18. Bxe6 $11 {remains equal.} Qxe6 19. Nd4) 18... Qd7 (18... Bxc4 $17 19. bxc4 {[#]} Nxc4 $1 {[%mdl 512]} 20. Nxc4 (20. Qxc4 Qxc4 21. Nxc4 Rac8 $17) 20... d5) 19. Nd4 Rac8 20. Nxe6+ fxe6 21. f4 Nxc4 22. bxc4 d5 23. c5 Qb5 24. Rfc1 Rc6 $2 {[%mdl 8192]} (24... d4 $14 25. Qxd4 Rfd8) 25. Rab1 $18 Qa4 26. Rb4 Qa5 27. e4 $2 (27. Nb3 $18 Qc7 28. Nd4) 27... Qc7 $14 28. g4 (28. e5 $14 Nd7 29. Nb3) 28... Kg8 29. exd5 $2 {[%mdl 8192]} (29. Qe5 $15) 29... Nxd5 $19 {[%mdl 64] [#] Double Attack} 30. Qg3 {and the idea Rbc4 leaves White hopeful.} Nxb4 31. axb4 Qxf4 32. Nc4 (32. Qxf4 $19 Rxf4 33. Rc4) 32... Qxc1+ 33. Kg2 Qxc4 {Accuracy: White = 26%, Black = 46%.} 0-1

[Event "Stay Safe Play From Home 196"]
[Site "T#646541Emanuel Laske"]
[Date "2020.06.03"]
[Round "6"]
[White "Fischer_11"]
[Black "Little champs"]
[Result "0-1"]
[WhiteElo "2078"]
[BlackElo "2205"]
[Annotator "NA RC"]
[PlyCount "82"]
[EventDate "2020.06.03"]
[EventType "swiss (blitz)"]

1. e4 {[%emt 0:00:01]} c6 {[%emt 0:00:00]} 2. d4 {[%emt 0:00:01]} d5 {[%emt 0:00:00]} 3. exd5 {[%emt 0:00:00]} cxd5 {[%emt 0:00:01]} 4. c4 {[%emt 0:00:00]} e6 {[%emt 0:00:00]} 5. c5 {[%emt 0:00:01]} Nf6 {[%emt 0:00:00]} 6. Nc3 {[%emt 0:00:01]} Be7 {[%emt 0:00:00]} 7. Bg5 {[%emt 0:00:00]} O-O {[%emt 0:00:00]} 8. Nf3 {[%emt 0:00:01]} Ne4 {[%emt 0:00:01]} 9. Bxe7 {[%emt 0:00:02]} Qxe7 {[%emt 0:00:01]} 10. Rc1 {[%emt 0:00:01]} f5 {[%emt 0:00:01]} 11. Bd3 {[%emt 0:00:01]} Nc6 {[%emt 0:00:01]} 12. O-O {[%emt 0:00:01]} Bd7 {[%emt 0:00:02]} 13. Bb5 {[%emt 0:00:01]} Rac8 {[%emt 0:00:02]} 14. Bxc6 {[%emt 0:00:03]} Bxc6 {[%emt 0:00:01]} 15. Ne5 {[%emt 0:00:00]} Rf6 {[%emt 0:00:01]} 16. f3 {[%emt 0:00:01]} Nxc3 {[%emt 0:00:01]} 17. Rxc3 {[%emt 0:00:01]} Rh6 {[%emt 0:00:00]} 18. b4 {[%emt 0:00:03]} a6 {[%emt 0:00:01]} 19. a4 {[%emt 0:00:02]} Qh4 {[%emt 0:00:02]} 20. h3 {[%emt 0:00:03]} Be8 {[%emt 0:00:01]} 21. Qe1 {[%emt 0:00:14]} Qxd4+ {[%emt 0:00:02] Fischer_11 bietet Remis} 22. Qe3 {[%emt 0:00:02]} Qxe3+ {[%emt 0:00:01]} 23. Rxe3 {[%emt 0:00:00]} Bxa4 {[%emt 0:00:02]} 24. Rb1 {[%emt 0:00:07]} Bb5 {[%emt 0:00:01]} 25. Kf2 {[%emt 0:00:01]} d4 {[%emt 0:00:00]} 26. Ree1 {[%emt 0:00:02]} Rd8 {[%emt 0:00:02]} 27. Rbd1 {[%emt 0:00:00]} Rf6 {[%emt 0:00:01]} 28. f4 {[%emt 0:00:00]} Rff8 {[%emt 0:00:01]} 29. Nf3 {[%emt 0:00:00]} Rf6 {[%emt 0:00:02]} 30. Rxd4 {[%emt 0:00:02]} Rxd4 {[%emt 0:00:02]} 31. Nxd4 {[%emt 0:00:00]} Bc4 {[%emt 0:00:01]} 32. Rc1 {[%emt 0:00:02]} Bd5 {[%emt 0:00:01]} 33. c6 {[%emt 0:00:00]} bxc6 {[%emt 0:00:01]} 34. Nxc6 {[%emt 0:00:00]} Kf7 {[%emt 0:00:02]} 35. Ne5+ {[%emt 0:00:01]} Ke8 {[%emt 0:00:03]} 36. Rc7 {[%emt 0:00:00]} g6 {[%emt 0:00:05]} 37. Rxh7 {[%emt 0:00:01]} Be4 {[%emt 0:00:02]} 38. Rh8+ {[%emt 0:00:01]} Ke7 {[%emt 0:00:03]} 39. Rh7+ {[%emt 0:00:00]} Kd8 {[%emt 0:00:01]} 40. Rd7+ {[%emt 0:00:00]} Kc8 {[%emt 0:00:01]} 41. g3 {[%emt 0:00:00]} Rf8 {[%emt 0:00:01] Zeit (Lag: Av=0.64s, max=2.0s)} 0-1

[Event "Stay Safe Play From Home 196"]
[Site "T#646541Emanuel Laske"]
[Date "2020.06.03"]
[Round "6"]
[White "buzaglo"]
[Black "Trotsky"]
[Result "1-0"]
[WhiteElo "1918"]
[BlackElo "1573"]
[Annotator "TA"]
[PlyCount "65"]
[EventDate "2020.06.03"]
[EventType "swiss (blitz)"]

{[%evp 9,65,29,27,5,-10,-15,2,-11,95,89,140,107,235,231,237,194,608,210,533,536,677,638,1564,1368,29982,987,29990,2098,1987,1985,1850,1770,1903,1677,29996,29997,29997,29998,29998,991,922,252,1065,1012,29990,29991,29993,29994,29994,29995,29995,29996,29997,2523,29973,29974,29999,29963]} 1. d4 d5 2. Nf3 e6 3. g3 c5 4. Bg2 Nc6 5. O-O Nf6 6. dxc5 {D02: 1 d4 d5 2 Nf3 sidelines, including 2...Nf6 3 g3 and 2...Nf6 3 Bf4.} (6. c4 $5) 6... Bxc5 {[#]} 7. c4 $1 {[%mdl 512]} d4 (7... dxc4 8. Qxd8+) 8. Nbd2 {[#] The position is equal.} Qc7 $146 (8... Be7 $11 {keeps the balance.}) ({Predecessor:} 8... a5 9. Nb3 Ba7 10. e3 dxe3 11. Qxd8+ Kxd8 12. Bxe3 Bxe3 13. fxe3 Ke7 14. Nc5 Ng4 {½-½ (36) Kuzmicz,K (2461)-Tomczak,J (2628) Katowice 2019}) 9. Nb3 $1 $16 {[%csl LRc5,LRd4]} Bd6 (9... Qb6 $142) 10. c5 Be5 {This costs Black the game.} (10... Be7 $16 {might work better.}) 11. Nxe5 $18 ({But not} 11. Nbxd4 $6 Nxd4 12. Nxd4 O-O $16) 11... Nxe5 12. Bf4 Bd7 $2 (12... Nd5 13. Qxd4 (13. Nxd4 Nxf4 14. gxf4 Ng6 $16) 13... f6 14. Bxd5 exd5 15. Qxd5 Qf7 16. Qxf7+ Nxf7) 13. Nxd4 $2 (13. Qxd4 Nfg4 14. h3) 13... O-O-O $2 (13... O-O {is tougher.} 14. Rc1 Rad8) 14. Rc1 ({Weaker is} 14. Qb3 Nd5 $18) 14... h5 {[#]} 15. c6 $1 {[%mdl 512]} bxc6 16. Qa4 {Strongly threatening Bxe5.} Kb8 17. Qa6 (17. Nxc6+ $142 Bxc6 18. Rxc6 {[%mdl 64] Pin} Rd7 19. Rxc7 Kxc7 20. Qa5+ {[%mdl 64] Double Attack} Kd6 21. Qb4+ Kc7 22. Rc1+ Kd8 23. Bxe5) 17... g5 18. Bxe5 (18. Rxc6 $142 gxf4 19. Rxc7 Kxc7 20. Rc1+ Bc6 21. Qxa7+ Kc8 22. Nxc6 Rd1+ 23. Rxd1) 18... Qxe5 19. Nxc6+ Bxc6 20. Bxc6 {[%csl Gc6][%cal Ra6b7]} Rd7 21. Rc3 {[%cal Bc1c3,Bc3b3,Bb3b7][%mdl 32]} Ng4 22. Rb3+ Kc7 23. Rb7+ {[%mdl 64] Double Attack} Kd6 24. Bf3+ (24. Rxd7+ $142 Kc5 25. Qb5#) 24... Ke7 25. Qxa7 $2 $40 {[%mdl 128] White goes for the king.} (25. Qa3+ Kf6 26. Rxd7) 25... Rhd8 $2 (25... Rxb7 26. Qxb7+ Kf6) 26. Rd1 h4 27. Rdxd7+ Kf6 28. Rxf7+ Kg6 29. Rg7+ Kf5 30. Rbf7+ Nf6 31. Qe3 (31. g4+ $142 Kf4 {[#]} 32. Rxf6+ $1 {[%mdl 576] Deflection} Qxf6 33. Qe3#) 31... Rd1+ 32. Kg2 {[%csl Ge3][%cal Rg7g5]} hxg3 33. hxg3 {Accuracy: White = 53%, Black = 11%.} 1-0